Optical properties and band structure of semiconductors
Gespeichert in:
| 1. Verfasser: | |
|---|---|
| Format: | Buch |
| Sprache: | Undetermined |
| Veröffentlicht: |
Oxford
Pergamon Press
1968
|
| Schlagworte: | |
| Tags: |
Tag hinzufügen
Keine Tags, Fügen Sie den ersten Tag hinzu!
|
| Thư viện lưu trữ: | Trung tâm Học liệu Trường Đại học Cần Thơ |
|---|
| LEADER | 00524nam a2200181Ia 4500 | ||
|---|---|---|---|
| 001 | CTU_82975 | ||
| 008 | 210402s9999 xx 000 0 und d | ||
| 082 | |a 537.6 | ||
| 082 | |b G795 | ||
| 100 | |a Greenaway, David L. | ||
| 245 | 0 | |a Optical properties and band structure of semiconductors | |
| 245 | 0 | |c David L. Greenaway, Gunther Harbeke | |
| 260 | |a Oxford | ||
| 260 | |b Pergamon Press | ||
| 260 | |c 1968 | ||
| 650 | |a Semiconductors | ||
| 904 | |i QHieu(sửa) | ||
| 980 | |a Trung tâm Học liệu Trường Đại học Cần Thơ | ||